| 000 | 01524nam a2200289Ia 4500 | ||
|---|---|---|---|
| 001 | ebr10046832 | ||
| 003 | CaPaEBR | ||
| 006 | m u | ||
| 007 | cr cn||||||||| | ||
| 008 | 040211s2003 dcu gsb 001 0 eng d | ||
| 020 | _z0309087376 | ||
| 040 |
_aCaPaEBR _cCaPaEBR |
||
| 035 | _a(OCoLC)55663828 | ||
| 050 | 1 | 4 |
_aTD195.P4 _bC86 2003eb |
| 245 | 0 | 0 |
_aCumulative environmental effects of oil and gas activities on Alaska's North Slope _h[electronic resource] / _cCommittee on Cumulative Environmental Effects of Oil and Gas Activities on Alaska's North Slope, Board on Environmental Studies and Toxicology, Polar Research Board, Division on Earth and Life Studies, National Research Council of the National Academies. |
| 260 |
_aWashington, D.C. : _bNational Academies Press, _cc2003. |
||
| 300 | _a304 p. | ||
| 504 | _aIncludes bibliographical references and index. | ||
| 533 |
_aElectronic reproduction. _bPalo Alto, Calif. : _cebrary, _d2005. _nAvailable via World Wide Web. _nAccess may be limited to ebrary affiliated libraries. |
||
| 650 | 0 |
_aPetroleum industry and trade _xEnvironmental aspects _zAlaska _zNorth Slope. |
|
| 650 | 0 |
_aOil and gas leases _xEnvironmental aspects _zAlaska _zNorth Slope. |
|
| 650 | 0 |
_aEnvironmental impact statements _zAlaska _zNorth Slope. |
|
| 651 | 0 | _aNorth Slope (Alaska) | |
| 655 | 7 |
_aElectronic books. _2local |
|
| 710 | 2 | _aebrary, Inc. | |
| 856 | 4 | 0 |
_uhttp://site.ebrary.com/lib/rucke/Doc?id=10046832 _zAn electronic book accessible through the World Wide Web; click to view |
| 999 |
_c73107 _d73107 |
||